| 000 | 00572nam a2200169Ia 4500 | ||
|---|---|---|---|
| 008 | 090201s9999 xx 000 0 und d | ||
| 010 | _aKPL-45429 | ||
| 040 | _bमराठी | ||
| 041 | _aमराठी | ||
| 082 |
_a10554 _b45429 |
||
| 100 | _aकृष्णाजी केशव दामले | ||
| 245 |
_aकवितासंग्रह _cकृष्णाजी केशव दामले |
||
| 260 |
_c2004 _bदा.सा. आणि मंडळी |
||
| 300 |
_a200 _bमोठा |
||
| 600 | _aकवितासंग्रह | ||
| 942 | _cBOOK | ||
| 999 |
_c210995 _d210995 |
||